000 00448nam a22001697a 4500
005 20251108165533.0
008 250721s1978 xx 000 0 ara d
082 1 4 _aم/211.1/ق
245 1 0 _aالقرآن الكريم /
250 _aط2
264 1 _aبغداد :
_bرئاسة ديوان الاوقاف،
_c1978.
300 _a674ص
650 1 7 _aالقرآن الكريم
650 1 7 _aالمصاحف
942 _2ddc
_cREF
999 _c30244
_d30244